00351nam a2200145Ia 4500008004100000020001800041082000800059100001900067245003000086250000600116260003300122300001000155500002400165650001600189230524s9999 xx 000 0 und d a9780008146849 bBAG aTilly Bagshawe 0aSidney Sheldon's Reckless a1 aLondonbHarper Collinsc2015 a407p; aQuantity Number: 2 aMisalliance